00925nam a2200193 i 450000100060000000300090000600500170001500700030003200800410003524501880007626000510026430000620031550000810037750500900045865000420054865000430059071000740063385200240070726294ES-MaACL20230906153422.0t|030108s1891 sp ||||1| spa d00aAvance estadístico sobre el cultivo cereal y de leguminosas asociadas en España / cformado por la Junta Consultiva Agronómica, 1890, quinquenio de 1886 a 1890, ambos inclusive. aMadrid : b[s.n.], c1891 (fL. Peaut e Hijos) a3 v. (480, 614, 608 p.), [1] h. de mapas pleg. ; c28 cm. aPrecede al tít.: Dirección General de Agricultura, Industria y Comercio.8 aContiene: T. 1. Álava-Cuenca -- T. 2. Gerona-Pontevedra -- T. 3. Salamanca-Zaragoza 4aCereales-zEspaña-vEstadísticas. 4aLegumbres-zEspaña-vEstadísticas.1 aEspaña. bDirección General de Agricultura, Industria y Comercio. aES-MaACLjF-3243-45